El papel de la democracia cristiana en la actual coyuntura centroamericana /
Guardado en:
| Autor principal: | |
|---|---|
| Formato: | Texto |
| Materias: | |
| Etiquetas: |
Agregar Etiqueta
Sin Etiquetas, Sea el primero en etiquetar este registro!
|
MARC
| LEADER | 00000 a a2200000 04500 | ||
|---|---|---|---|
| 001 | 17980 | ||
| 003 | |||
| 040 | |||
| 100 | |a Solórzano, Mario | ||
| 245 | |a El papel de la democracia cristiana en la actual coyuntura centroamericana / |c Mario Sólorzano | ||
| 650 | |a DEMOCRACIA | ||
| 650 | |a CRISTIANISMO | ||
| 650 | |a CRISIS POLITICA | ||
| 650 | |a LUCHA DE CLASES | ||
| 650 | |a AMERICA CENTRAL | ||
| 773 | |g volumen 4, número 39; (1980) páginas 457-459 | ||
| 999 | |c 25826 |d 25826 | ||
| 773 | 0 | |0 42391 |9 3849 |a Agencia Latinoamericana de Información, ALAI |d Quito, Ecuador: ALAI |o 04400 |t ALAI: |x 08275564 (Servicio mensual de información y documentación) | |
